|
|
|
|
| LEADER |
01291nam a22003017a 4500 |
| 001 |
43641 |
| 003 |
BD-DhAAL |
| 005 |
20250814203634.0 |
| 008 |
241107t19921995it a|||| |||| 00| 0 eng d |
| 020 |
|
|
|a 9290492643
|
| 040 |
|
|
|a BD-DhAAL
|c BD-DhAAL
|
| 082 |
|
|
|a 332.1/532/0685
|2 19
|
| 245 |
|
|
|a Procurement in world bank financed projects /
|c World Bank.
|
| 246 |
|
|
|a Equipment/ works procurement management E/WPM 1
|
| 260 |
|
|
|a Italy :
|b International Training Centre of the ILO,
|c 1992 [Second impression 1995].
|
| 300 |
|
|
|a xii, 301 pages :
|b illustrations ;
|c 30 cm.
|
| 490 |
|
|
|a Equipment/ works procurement management Series
|
| 541 |
|
|
|a Savar Campus Library
|e 43641
|
| 610 |
|
|
|a World Bank.
|
| 650 |
|
|
|a World Bank
|x Procurement.
|9 57151
|
| 650 |
|
|
|a Economic development projects
|x Finance.
|9 50735
|
| 650 |
|
|
|a Industrial procurement
|x Management.
|9 2239
|
| 710 |
|
|
|a World Bank.
|
| 710 |
|
|
|a International Training Centre of the ILO
|9 57152
|
| 830 |
|
|
|a Equipment/ works procurement management Series
|9 57153
|
| 942 |
|
|
|2 ddc
|c BK
|
| 999 |
|
|
|c 47104
|d 47104
|
| 952 |
|
|
|0 0
|1 0
|2 ddc
|4 0
|6 332_153206850000000_PRO
|7 0
|9 76891
|a SCL
|b SCL
|c GEN
|d 2024-11-07
|e Savar Campus Library
|l 0
|o 332.15320685 PRO
|p 3020043641
|r 2024-11-07
|t 1
|w 2024-11-07
|y BK
|x Price not available in register. Savar Campus Library
|